000 00848nam a2200289Ia 4500
001 H8680
003 IT-RoPAU
008 130308s9999 xx 000 0 und d
040 _aIT-RoPAU
040 _cIT-RoPAU
041 _aITALIANO
100 _aBranzaglia Carlo
100 _gCodice Aut. SPICS: 38142
245 _aFenomenologia degli stili elettronici: tribù
245 _bWeb Design e Processi Cognitivi. L'Ambiente dell'Apprendimento
250 _a1a ed.
260 _aMILANO
260 _bMcgraw Hill Libri Italia Srl
260 _c2006 [1° Ed.:2006 - Ed.Ling.Originale:2006]
300 _a"6 p. (prefazione: no ; testo: 6 [pagine: 149-154])"
500 _aUna Nuova Subcultura? Comunita'.
650 _aEDUCAZIONE ALL'INFORMATICA
650 _eCodice materia Spics: 4212
942 _cBK
957 _71
999 _c81487
_d81487
999 _g1